Quick Pick: Japanese Car Brands Quiz Stats

Quiz Updated Jan 13, 2018

Challenge
Share
Tweet
Embed
Score 0/10 Timer 00:30
1 Play Today
% Correct
Toyota
96.8%
Suzuki
96.5%
Mitsubishi
95.6%
Honda
94.3%
Nissan
94.3%
Mazda
91.5%
Datsun
88.4%
Acura
85.1%
Infiniti
76.4%
Lexus
69.3%

Today's Daily Dose

Missing 'O' Word in Every Category

On This Day
April 19th II

You're not logged in!

Compare scores with friends on all Sporcle quizzes.
Sign Up with Email
OR
Log In

You Might Also Like...

Show Comments

Extras

Top Quizzes Today


Score Distribution

Your Account Isn't Verified!

In order to create a playlist on Sporcle, you need to verify the email address you used during registration. Go to your Sporcle Settings to finish the process.

Report this User

Report this user for behavior that violates our Community Guidelines.

Details: